National Geographic Vol. 120 (Record no. 593700)

MARC details
000 -LEADER
fixed length control field 00419nam a2200145Ia 4500
008 - FIXED-LENGTH DATA ELEMENTS--GENERAL INFORMATION
fixed length control field 100415s9999 xx 000 0 und d
082 ## - DEWEY DECIMAL CLASSIFICATION NUMBER
Item number 10774
100 ## - MAIN ENTRY--PERSONAL NAME
Personal name National Geographycial And Solar Ierrestrian Data Centre
245 ## - TITLE STATEMENT
Title National Geographic Vol. 120
260 ## - PUBLICATION, DISTRIBUTION, ETC. (IMPRINT)
Place of publication, distribution, etc WASHINGTON
Date of publication, distribution, etc 1961
Name of publisher, distributor, etc N.G.S
365 ## - TRADE PRICE
Price amount 0
630 ## - SUBJECT ADDED ENTRY--UNIFORM TITLE
Uniform title National Geographic Vol. 120
730 ## - ADDED ENTRY--UNIFORM TITLE
Uniform title National Geographic Vol. 120
942 ## - ADDED ENTRY ELEMENTS (KOHA)
Koha item type Book
Holdings
Withdrawn status Lost status Damaged status Not for loan Home library Current library Date acquired Cost, normal purchase price Total Checkouts Full call number Barcode Date last seen Price effective from Koha item type
        Bombay Natural History Society Bombay Natural History Society 01/01/1985 0.00   10774 BNHS-10774 04/15/2010 04/15/2010 Book